[Event "Botvinnik Memorial m"]
[Site "Moscow"]
[Date "2001.12.02"]
[Round "2"]
[White "Kasparov, Garry"]
[Black "Kramnik, Vladimir"]
[Result "1/2-1/2"]
[WhiteElo "2838"]
[BlackElo "2802"]
[Annotator "Stohl,I"]
[PlyCount "143"]
[EventDate "2001.12.01"]
[EventType "match"]
[EventRounds "4"]
[EventCountry "RUS"]
[SourceTitle "CBM 087"]
[Source "ChessBase"]
[SourceDate "2002.03.21"]
[SourceVersion "1"]
[SourceVersionDate "2002.03.21"]
[SourceQuality "1"]

1. e4 c5 2. Nf3 e6 {The first surprise, Kramnik used to play different
Sicilians earlier (Sveshnikov, Rauzer).} 3. d4 cxd4 4. Nxd4 a6 5. c4 {Also
Kasparov avoids his usual repertoire. Until now he played exclusively} (5. Nc3
Qc7 {and only now chose between} 6. Be2 {and} (6. Bd3)) 5... Nf6 6. Nc3 Qc7 {
Black is not interested in the unclear complications after} (6... Bb4 7. Bd3
Nc6 8. Nxc6 dxc6 9. e5 Qa5 $5 10. exf6 Bxc3+ 11. bxc3 Qxc3+ 12. Bd2 Qxd3 13.
fxg7 Rg8 $13) 7. a3 d6 $6 {Rare and rather passive. Black voluntarily limits
his Bf8, which still could have found scope on c5 or even d6. Therefore more
flexible is} (7... Nc6 {or}) (7... b6) ({Also interesting is} 7... Nxe4 $5 8.
Nxe4 (8. Nxe6 dxe6 9. Nxe4 Be7 $11) 8... Qe5 9. Bd3 $5 (9. Qd3 d5 $11) 9...
Qxd4 10. O-O $44 {when White's lead in development gives him the initiative.})
8. Be3 b6 9. Rc1 Nbd7 10. Be2 Bb7 11. f3 Be7 12. O-O O-O $14 {Kasparov,G (2838)
-Kramnik,V (2809) Botvinnik mem 5' Match blitz 2001 (6) 1-0 A typical Hedgehog
position, which until now occured in Kramnik's practice mostly with White.
White has the usual () and can prepare advances on both flanks, but Black is
not devoid of <=> and his position has no obvious >< points. These positions
can arise also from different openings-the English or the Nimzoindian-see the
6-th blitz game of the match.} 13. Kh1 Rac8 14. b4 {[%mdl 4] |^<< White sets
his sights on Black's << and shows why this version of the Hedgehog is not too
fashionable nowadays-Kasparov demonstrates White's ideal plan.} Qb8 15. Qd2 Bd8
{[%cal Yd8c7,Yd6d5] /\Bc7,d5 A typical manoeuvre, Black still can't play d5
due to the ><a6 and intends to enhance the strength of the central break. But
after the game Kasparov criticised the whole concept.} 16. Rc2 Re8 {More
consistent was} (16... Bc7 17. Bg1 Kh8 $5 {[%cal Yf8g8,Yg7g4] /\Rg8, g5-g4<=>
This idea has been introduced already by Fischer in 1970.}) 17. Na4 Bc7 18. Bg1
{Protects h2.} Rcd8 19. Rb1 $1 $36 Ba8 {Black must defend against c5 and
postpone any active intentions.} (19... d5 20. exd5 exd5 21. c5 b5 22. c6 $5 (
22. Nb2 Ne5 $132) 22... Bf4 23. Qd3 bxa4 24. cxb7 $16) 20. Qc1 h6 21. Nb2 (21.
c5 b5 $1 22. c6 Ne5 $13 {therefore White first improves his pieces.}) 21... Nf8
22. Nd3 Ng6 23. a4 Qc8 24. b5 {Tempting, but probably not the best.} ({
Kasparov afterwards indicated} 24. a5 $1 bxa5 25. b5 $36 {/\} Bb6 $2 26. Nxe6
$1 $16) 24... a5 25. Nc6 (25. e5 Nxe5 26. Nxe5 dxe5 27. Nc6 (27. c5 $5 $13)
27... Bxc6 28. bxc6 e4 $132) 25... Bxc6 26. bxc6 e5 $1 {[%mdl 256] Good
defence, maybe Garri relied upon} (26... Ne7 27. e5 $1 dxe5 28. c5 $16 {
and the whole << is in White's hands. Kramnik realizes he must keep the
position closed.}) 27. Bxb6 Ne7 28. c5 ({More circumspect and without any risk
was} 28. Be3 $5 Nxc6 29. Rcb2 $36) 28... d5 29. Bxc7 Qxc7 30. Rb7 Qxc6 31. Rb5
Ng6 32. exd5 Nxd5 33. Nf2 $6 (33. Rxa5 $142 e4 $5 34. fxe4 Rxe4 35. Bf3 Rxa4
36. Rxa4 Qxa4 37. c6 $14 {still forces Black to fight for equality.}) 33...
Ngf4 34. Bf1 (34. Rxa5 Qc7 35. Rb5 Nc3 $1 $13 {also costs White an exchange
and leads to a similar position as in the game.}) 34... Ne6 35. Rxa5 Qc7 $1 36.
Rb5 (36. Ra6 $143 Nb4 $17) (36. Qe1 $143 Ne3 $1 $17) 36... Nd4 37. Rc4 (37.
Rcb2 $5 Nxb5 38. axb5 $44) 37... Nxb5 38. axb5 Rb8 {The o^ are too dangerous
and Kramnik is more than willing to give his N for the, which leads to an
approximately equal _|_.} 39. b6 (39. Ng4 Rxb5 40. Nxh6+ Kf8 41. Nf5 $44) (39.
Rc2 $5 $13 {keeps the tension, but can hardly aspire for an advantage.}) 39...
Nxb6 40. cxb6 Qxb6 41. Qe1 Rec8 42. Rxc8+ Rxc8 43. Ng4 Re8 44. Bd3 $2 {Weakens
the back rank and causes problems.} (44. g3 $11) (44. h3 $11) 44... Qd4 45. Be4
(45. Qe4 Qa1+ 46. Bb1 Rd8 $36) 45... f5 $1 {The visibly disconcerted Kasparov
overlooked this tactical thrust, which enables Black's R toi reach the <->a
after all.} 46. Bxf5 Ra8 47. Bb1 Qb2 48. h4 Ra1 49. Kh2 Qxb1 (49... Rxb1 50.
Qxe5 $15 {is similar.}) 50. Qxe5 Qh1+ 51. Kg3 Qe1+ 52. Qxe1 Rxe1 $15 {[%mdl
4096] Black had to exchange Q, otherwise he couldn't avoid a perpetual. The
resulting _|_ gives him some winning chances, e.g., in the game
Vidmar-Alekhine, Sam Remo 1930 the World Champion realized his advantage.
Kasparov defends more actively, but also slips at a crucial moment.} 53. Kf4
Re2 54. Ne3 g6 55. g4 Kf7 56. h5 $5 g5+ (56... gxh5 57. gxh5 Rh2 58. Kg4 $11 {
[%csl Rh6][%cal Re3f5] /\Nf5 will tie down at least one piece to the defence
of the ><h6.}) 57. Ke4 Ke6 (57... Kf6 58. f4 gxf4 (58... Rf2 59. Nd5+ $132 {
is the important difference.}) 59. Kxf4 Rf2+ 60. Kg3 Ra2 61. Nf5 Kg5 62. Nd4 {
is insufficient to win.}) 58. f4 $6 (58. Kd4 $5 $15 {[%cal Re3f5] /\Nf5}) 58...
Rf2 $1 59. Nd5 (59. f5+ $142 Kd6 $15 {/-/+}) 59... gxf4 60. Nxf4+ Kf6 61. Ke3
Ra2 62. Nd3 Ra3 {Here already Black probably spurns his first chance:} (62...
Kg5 63. Ne5 (63. Nf2 Kh4 $19) 63... Ra6 64. Kf3 Re6 65. Nc4 Re1 $1 (65... Kh4
66. Ne3 Rf6+ 67. Nf5+ Kg5 68. Kg3 Ra6 69. Nh4 {/\Nf3=}) 66. Ne3 Rb1 67. Ke4
Rb4+ 68. Ke5 (68. Kf3 Ra4 69. Kg3 Rf4 70. Kg2 Kh4 71. Nf5+ Kxg4 72. Nxh6+ Kxh5
73. Kg3 Rf8 $19) 68... Ra4 69. Kd5 Kf4 70. Nf5 Ra6 $19) 63. Ke4 Ra1 ({And now} 
63... Kg5 $1 64. Ne5 Ra7 65. Kf3 Re7 66. Nc4 Re1 {transposes to the above note.
}) 64. Kf4 Ra4+ 65. Kf3 Ra3 66. Ke4 Rb3 $2 (66... Kg5 $1 $19) 67. Nc5 Rb4+ 68.
Kf3 Rb5 ({White saves the game even after} 68... Kg5 69. Ne4+ Kh4 70. Kf4 $1 (
70. Nf6 $2 Ra4 71. Ne4 Ra1 72. Nf2 Ra3+ 73. Kf4 Ra7 $19) 70... Rb1 71. Ng3 $11)
69. Ne4+ Ke5 70. g5 $1 $11 Rb4 (70... Rb3+ 71. Kg4 Kxe4 72. gxh6 Ke5 73. h7 Rb8
74. Kg5 $11) 71. Nf2 {/\Nd3} (71. g6 $2 Rb3+ $19) 71... Rf4+ 72. Kg3 1/2-1/2

[Event "Botvinnik Memorial m 30'"]
[Site "Moscow"]
[Date "2001.12.07"]
[Round "2"]
[White "Kasparov, Garry"]
[Black "Kramnik, Vladimir"]
[Result "1/2-1/2"]
[WhiteElo "2838"]
[BlackElo "2802"]
[Annotator "Golod,V"]
[PlyCount "59"]
[EventDate "2001.12.07"]
[EventType "match (rapid)"]
[EventRounds "6"]
[EventCountry "RUS"]
[SourceTitle "CBM 087"]
[Source "ChessBase"]
[SourceDate "2002.03.21"]
[SourceVersion "1"]
[SourceVersionDate "2002.03.21"]
[SourceQuality "1"]

1. d4 Nf6 2. c4 e6 3. Nc3 Bb4 4. Qc2 d5 5. cxd5 Qxd5 6. e3 c5 7. Bd2 Bxc3 8.
Bxc3 cxd4 9. Bxd4 Nc6 10. Bc3 O-O 11. Nf3 Rd8 $5 {Besides,black has two
principales moves:} (11... b6 $5 {/\Bb7(/^a8-h1).See comments to game Shipov,
S-Short,N/ Port Erin,1999/  CBM 74 (1-0)(Golod,V)(43)}) ({and} 11... Qc5 $5 {
See comments to game Dao Thien Hai-Adams,M/New Delhi,2000/CBM 81 (1/2-1/2)
(Golod,V)(31)}) 12. Be2 Qe4 $5 ({Is a possible continuation of the play:} 12...
Qc5 $5 {You can see comments to game: Bareev,E-Sakaev,K/Moscow,2001/CBM 86 
(1-0)(Golod,V)(25)}) 13. Qb3 ({Leads to absolute equality:} 13. Rc1 $6 Qxc2 14.
Rxc2 Nd5 $11 15. O-O Nxc3 16. Rxc3 {1/2-1/2 Onischuk,A-Anand,V/Bastia,2000(16)}
) 13... Nd5 (13... b6 $143 14. O-O Bb7 15. Rfd1 Qg6 16. Qa3 Ne8 17. Ba6 $1 $14
{Keatinge Clay,A-Falconer,N/Concord,1995(0-1)(72)}) 14. Bd2 ({It is not
necessary to exchange the bishop "c3":} 14. O-O $6 Nxc3 15. Qxc3 Qb4 16. Qc2
Qe7 17. a3 Bd7 $11 {Touzane,O-Anand,V/Moscow,2001 (1/2-1/2)(46)}) 14... Qg6 $5
$146 {[%csl Rg2][%cal Gg6g2]} ({Was checked in the previous game:} 14... b6 $5
15. Bd3 (15. Qc4 $143 Nf6 {/\16...Qxc4 and 17...Ne4 ץd2.}) 15... Qg4 16. O-O
Bb7 17. h3 Qh5 18. Qb5 $13 {Ivanchuk,V-Gelfand,B/Monaco,2001 (1-0)(33)}) 15.
O-O $140 e5 {[%cal Gc8h3]} 16. Rfd1 e4 ({Now senselessly:} 16... Bh3 {in view
of:} 17. Ne1 {[%csl Ye1][%cal Ye1g2]} (17. Nh4 $6 Qg5 18. Bc4 e4 19. Qxb7 Nce7
20. Bxd5 (20. Ba5 $2 Rdb8 21. Rxd5 Qxh4 $17 {[%csl Rb7,Rd5]}) (20. g3 $143 Rdb8
21. Qa6 Rxb2 $36) 20... Nxd5 21. Ba5 Qxh4 22. gxh3 $13 (22. Bxd8 $4 Qg4 23. Kf1
$8 Qxg2+ 24. Ke1 Nxe3 $1 25. Qxa8 (25. fxe3 Bg4 26. Qb5 Qg1+ 27. Kd2 (27. Qf1
Qxe3+ {[%csl Re1]}) 27... Rxd8+ {[%csl Rd1]}) 25... Qf1+ 26. Kd2 Qd3+ 27. Ke1 (
27. Kc1 Qc2#) 27... Nc2#))) 17. Ne1 Qf5 {[%csl Yf5][%cal Yf5d5] Black once
again protect knight "d5"(against 18.Ba5 עg8).} ({It deserves attention:} 
17... Rb8 $5 {[%cal Gc8e6]}) 18. Bc3 Rb8 {[%csl Yb8][%cal Yb8b7,Gc8e6]} 19. g4
$1 {Very strong positional decision! Now knight of white at once enters in
game.} Qe6 20. Ng2 {[%cal Ge2c4]} Nxc3 21. Rxd8+ Nxd8 22. Qxc3 Nc6 23. Rd1 ({
Pretty dubiously:} 23. b4 {[%cal Gb4b5] (with purpose to bring down the knight
of black with poin "c6" and to open <->c) because of:} Qe5 {[%csl Rb4,Rc7,Ye5]
[%cal Ye5c7]} 24. Qxe5 Nxe5 25. h3 Be6 {=/=/+}) 23... Qe7 24. Nf4 Be6 $11 ({
Weakly:} 24... Kh8 25. b4 {[%csl Rh8][%cal Gb4b5]}) ({and} 24... h6 {[%csl Yh7]
in view of:} 25. Nh5 $1 f5 (25... f6 $2 26. Qc4+ Kh8 27. Ng3 {[%csl Re4]}) 26.
Ng3 $36 {[%csl Re4,Rf5]}) 25. b4 {Now this move not so is dangerous for black,
as earlier.} ({Also equality after:} 25. Nxe6 Qxe6 {[%csl Rg4]} 26. Qc4 Qe7 {
[%cal Gb8d8]} 27. Bf1 Re8 $11) 25... Qxb4 ({Much worse is:} 25... Nxb4 $2 26.
Nxe6 fxe6 27. Qe5 $14 {[%csl Re4]}) 26. Qxb4 Nxb4 27. Nxe6 fxe6 28. Bc4 {
/^a2-g8} Kf7 29. Rd4 Nd3 30. Rxe4 $6 (30. Bxd3 $142 exd3 31. Rxd3 Ke7 32. Rc3 {
<->c} Rd8 33. Kf1 $11 {[%cal Gf1e2]}) (30. Rxe4 $6 {After this inaccurate move,
black has a advantage in the endgame! That confirms the following variants:}
Nc5 31. Rd4 (31. Re5 $143 Rc8 32. f4 a6 $5 $15 {[%csl Ya6][%cal Ya6b5] /\Rc6
and Nd7(צe5)} 33. f5 $140 Kf6 34. Bxe6 Rc6 (34... Kxe5 $5 35. Bxc8 b5 36. g5
b4 {[%csl Ga6,Gb4][%cal Ga6a5]}) 35. Rd5 Nxe6 36. fxe6 Rc1+ 37. Kf2 Rc2+ 38.
Kg3 Kxe6 39. Ra5 $15) 31... b5 $1 32. Bb3 (32. Be2 Ke7 {[%csl Rd6][%cal Ye7d6,
Ga7a5]}) 32... a5 33. Bc2 (33. Kf1 $143 Nxb3 34. axb3 Ra8 {[%cal Ga5a4]}) 33...
b4 34. Rd6 Rc8 $15) 1/2-1/2

[Event "Botvinnik Memorial m 30'"]
[Site "Moscow"]
[Date "2001.12.07"]
[Round "3"]
[White "Kramnik, Vladimir"]
[Black "Kasparov, Garry"]
[Result "1/2-1/2"]
[WhiteElo "2802"]
[BlackElo "2838"]
[Annotator "Hecht,H"]
[PlyCount "124"]
[EventDate "2001.12.07"]
[EventType "match (rapid)"]
[EventRounds "6"]
[EventCountry "RUS"]
[SourceTitle "CBM 087"]
[Source "ChessBase"]
[SourceDate "2002.03.21"]
[SourceVersion "1"]
[SourceVersionDate "2002.03.21"]
[SourceQuality "1"]

1. d4 d5 2. c4 c6 3. Nf3 Nf6 4. Nc3 a6 5. a4 e6 6. Bg5 Nbd7 7. a5 h6 8. Bxf6
Nxf6 9. c5 g6 10. Qc2 Bg7 11. e4 dxe4 12. Nxe4 Nxe4 13. Qxe4 Qd5 14. Qc2 e5 15.
Bc4 Bf5 16. Qe2 Qe4 17. Nxe5 Bxe5 18. Qxe4 Bxe4 19. dxe5 Rd8 20. f3 Bd5 21. Rc1
Bxc4 22. Rxc4 Rd5 23. f4 Ke7 24. O-O Rhd8 25. h3 Rd4 26. Rfc1 Ke6 27. R1c3 g5
28. Rxd4 Rxd4 29. Rb3 Rxf4 30. Rxb7 Rc4 31. Rb6 Rxc5 32. Rxa6 Kxe5 33. b4 Rb5
34. Rxc6 Rxb4 35. Rxh6 Ra4 36. Ra6 Kf4 37. Rf6+ Ke5 38. Ra6 Kf4 39. Rf6+ Ke5
40. Rxf7 Rxa5 41. Kf2 Ra3 42. Rf3 Ra4 43. Kg3 Ke6 44. Rf8 Rb4 45. Kf3 Ra4 46.
g4 Ra3+ 47. Kg2 Ra2+ 48. Kg3 Ra3+ 49. Rf3 Rxf3+ 50. Kxf3 {[#] Schwarz verfügt
über genügend Raum, um bei 2-1 Bauern auf einem Flügel bequem auf verschiedene
Art und Weise das Remis zu halten. Schwarz hält remis mittels Fernopposition.}
Kf7 {logisch und feinsinnig...} ({...es geht aber auch anders} 50... Ke5 51.
Kg3 (51. Ke3 Kd5 52. Kd3 Ke5 53. Ke3 $11 (53. Kc4 Kf4 54. Kd4 Kg3 55. Ke4 (55.
Ke5 $4 Kxh3 56. Kf5 Kh4 $19) 55... Kxh3 56. Kf3 $11)) 51... Kf6 52. h4 gxh4+
53. Kxh4 Kg6 $11) 51. Ke3 Ke7 52. Kd3 Kd7 53. Ke2 Ke6 54. Kf3 Kf7 55. Ke3 Ke7
56. Kd3 Kd7 57. Kc3 Kc7 58. Kd2 Kd6 59. Ke3 Ke7 60. Kf2 Kf6 61. Kg3 Kg7 62. Kf3
Kf7 1/2-1/2

[Event "Botvinnik Memorial m 30'"]
[Site "Moscow"]
[Date "2001.12.08"]
[Round "5"]
[White "Kramnik, Vladimir"]
[Black "Kasparov, Garry"]
[Result "1/2-1/2"]
[WhiteElo "2802"]
[BlackElo "2838"]
[Annotator "Finkel,A"]
[PlyCount "61"]
[EventDate "2001.12.07"]
[EventType "match (rapid)"]
[EventRounds "6"]
[EventCountry "RUS"]
[SourceTitle "CBM 087"]
[Source "ChessBase"]
[SourceDate "2002.03.21"]
[SourceVersion "1"]
[SourceVersionDate "2002.03.21"]
[SourceQuality "1"]

1. d4 d5 2. Nf3 e6 3. g3 c5 4. Bg2 cxd4 5. O-O Nf6 6. Nxd4 e5 7. Nb3 Be6 {
The arising position is just similiar to gruenfeld defense with reversed
colours. An additional tempo is hardly enough for more than equality.} 8. Bg5 (
8. Nc3 Be7 9. f4 exf4 10. gxf4 g6 11. Nd4 (11. Kh1 Nc6 12. Be3 O-O 13. Nd4 Ng4
14. Nxe6 fxe6 15. Bg1 Nh6 16. e4 dxe4 17. Nxe4 Qc7 18. c3 $1 $14 {Romanishin,
O-Ulybin,M/Moscow (ol) 1994/1/2-1/2 (69)}) 11... Bc5 $5 $146 (11... Bg4 12. Qd3
(12. h3 $1 Bh5 $140 13. Nb3 {[%csl Rd5]}) 12... Nc6 13. h3 {1/2-1/2 Krasenkov,
M-Horvath,J/Budapest Noviki-A 1989}) 12. Na4 Bxd4+ 13. Qxd4 Nc6 14. Qc3 $6 d4
$1 15. Bxc6+ $142 (15. Qa3 {Koniushkov,I-Ulibin,M/RUS-Cup6 1997/0-1(49)}) 15...
bxc6 16. Qxc6+ Kf8 $1 (16... Bd7 17. Qc4 $16) 17. Nc5 Bf5 $44) 8... Nbd7 9. e4
{The most fashionable plan.} (9. Nc3 $5 h6 $6 (9... Be7 $5) 10. Bxf6 Nxf6 11.
Qd3 $1 {[%cal Yd3b5,Ga1d1] @} Qd7 (11... Rc8 12. Rad1 d4 13. Qb5+ Nd7 14. Nd5
Rxc2 15. Rc1 $16 {Simic,R-Horvath,J/JUG-chT Igalo 1994}) 12. Rad1 d4 13. Ne4
Rc8 14. c3 dxc3 15. Qf3 Qe7 16. Nxc3 e4 17. Qe3 $16 {/+- Anikaev,Y-Totsky,L,
Smolensk,1991/1-0}) (9. e3 h6 10. Bxf6 Nxf6 11. Qe2 Be7 12. Nc3 Qc8 13. Rad1 e4
14. Nd4 Bd7 15. f3 $13 {Lputian,S-Rublevsky,S/New Delhi/Theran 2000}) 9... dxe4
10. Nc3 (10. Bxe4 $6 Qc7 11. Bg2 Be7 12. Nc3 a6 13. Re1 O-O $11 {Nehse,
G-Prudnikova,S/Halle-W 1987/0-1(38)}) 10... Be7 (10... Qc7 $5 $146 11. Nxe4
Nxe4 12. Bxe4 h6 13. Bd2 Be7 $11 {Savchenko,S-Rublevsky,S/Luzern 1997/CBM 62})
(10... h6 11. Bxf6 Nxf6 12. Qe2 Qc7 13. Rfd1 Bg4 14. Qb5+ Bd7 15. Qe2 Bg4 16.
Nd5 Nxd5 17. Qxg4 Nf6 18. Qe2 $14 {Podzielny,K-Schischke,R/Germany 1996/GER})
11. Nxe4 (11. Bxf6 Nxf6 12. Nxe4 Qc7 13. Re1 (13. Qf3 Rb8 14. Qc3 Rc8 15. Nxf6+
Bxf6 16. Qb4 b6 17. Rfe1 Qe7 $11 {Van de Mortel,J-Hracek,Z/NED 2000}) (13.
Nxf6+ Bxf6 14. c3 Rd8 15. Qf3 b6 16. Rfd1 O-O 17. Qc6 Qxc6 18. Bxc6 Bg5 $15 {
^^_|_ Csom,I-Forintos,G/HUN-chT 1993}) 13... O-O 14. Qe2 Nd7 15. Rad1 Rac8 16.
c3 Rfd8 17. Qe3 h6 18. h4 a5 $13 {Romanishin,O-Rublevsky,S/Istanbul 2000})
11... Nxe4 12. Bxe7 Qxe7 13. Bxe4 Nf6 $5 {White bishop is extremly strong over
the diagonal a8-h1 and Kasparrov finds a plan to neutralize it with f5-e4.} (
13... Rb8 14. Qd3 h5 15. Qe3 b6 16. f4 h4 17. fxe5 hxg3 18. hxg3 Nxe5 19. Nd4
$13 {Gross,G-Loeffler,S/Germany 1997/GER-chT}) 14. Bg2 O-O 15. Re1 Qc7 16. Qe2
Nd7 17. c4 $5 Rac8 {The pawn is poisoned. Both after} (17... Qxc4 $6 18. Qxc4
Bxc4 19. Na5 Be6 20. Bxb7 Rab8 21. b4 $1 f6 22. a3 Nb6 23. Rac1 $14) ({and
after} 17... Bxc4 $6 18. Rac1 {[%cal Gc1c7]} Rac8 19. Qd1 $5 {[%cal Gb3d2,
Gb2b3]} b5 20. Nd2 Qd8 (20... Nb6 $2 21. b3 Rfd8 22. Bh3 $18) 21. Nxc4 Rxc4 22.
Rxc4 bxc4 23. Qd5 $14 {white manages to get better chanses.}) 18. Nd2 f5 19. b3
e4 $11 20. Nf3 {White doesn't want to take risks: indeed, after} (20. f3 Ne5
21. fxe4 f4 22. gxf4 Rxf4 23. Qe3 Rcf8 $44 {[%csl Rh2][%cal Ge5g4] black's
initiative fully compensates him for the lack of pawn.}) 20... Nf6 21. Nd4 Bd7
22. Qe3 Ng4 23. Qf4 Ne5 $5 ({Black didn't face any problems also after} 23...
Qxf4 24. gxf4 Nf6 25. Rad1 (25. f3 Rce8 26. Rad1 Re7 $11) 25... Nh5 26. Ne2 Bc6
$11 {but Kasparov's desire to keep the queens is quiet understandable.}) 24.
Rad1 Rce8 25. Nc2 Bc6 26. Nb4 Qe7 27. Nxc6 (27. Nd5 Bxd5 28. Rxd5 Qf6 29. Red1
Nd3 30. Qd2 Rd8 $13) 27... bxc6 28. Qe3 Rd8 29. h3 h6 30. f4 {This move is
just a draw offer.} exf3 31. Rxd8 1/2-1/2

[Event "Botvinnik Memorial m 5'"]
[Site "Moscow"]
[Date "2001.12.09"]
[Round "3"]
[White "Kramnik, Vladimir"]
[Black "Kasparov, Garry"]
[Result "1/2-1/2"]
[WhiteElo "2802"]
[BlackElo "2838"]
[Annotator "Huzman,A"]
[PlyCount "78"]
[EventDate "2001.12.09"]
[EventType "match (blitz)"]
[EventRounds "10"]
[EventCountry "RUS"]
[SourceTitle "CBM 087"]
[Source "ChessBase"]
[SourceDate "2002.03.21"]
[SourceVersion "1"]
[SourceVersionDate "2002.03.21"]
[SourceQuality "1"]

1. d4 d5 2. c4 dxc4 3. Nf3 e6 4. e3 a6 5. Bxc4 c5 6. O-O Nf6 7. Bd3 cxd4 8.
exd4 Be7 9. Nc3 b5 10. a4 bxa4 (10... b4 11. Ne4 Bb7 12. Nc5 $5 (12. Qe2 O-O
13. Bg5 (13. Neg5 $6 Nc6 14. Rd1 Qd6 15. Be3 Na5 16. Ne5 Qd5 17. f3 h6 18. Ne4
$14 {1-0 Huebner,R-Brunner,L/Biel 1993/CBM 37/[Huebner,R] (41)}) (13. Bf4 Qd5
14. Nxf6+ (14. Nfg5 Nbd7 15. Rac1 h6 16. Nxf6+ Nxf6 17. Nf3 Rfc8 $1 18. Rxc8+
Rxc8 19. Bxa6 Bxa6 20. Qxa6 Ra8 $11 {0-1 Filippov,V-Yakovich,Y/Gistrup 1996/
CBM 55/[Kanstler] (65)}) 14... Bxf6 15. Rfd1 Rc8 16. Rac1 Rxc1 17. Rxc1 Nc6 18.
Qe4 g6 19. Qxd5 exd5 20. Ne5 Nxd4 21. Nd7 Bd8 22. Bd6 a5 23. f4 $44 {1-0
Malaniuk,V-Yakovich,Y/Novgorod 1995/CBM 49 ext (44)}) (13. Rd1 Nbd7 14. Ned2 a5
15. Bb5 Nb6 16. Nb3 Bd5 17. Nc5 $14 {1-0 Karpov,A-Short,N/Linares 1995/Inf 63/
[Karpov,An] (52)}) 13... Nbd7 14. a5 Nxe4 15. Bxe7 Qxe7 16. Bxe4 Nf6 17. Bxb7
Qxb7 18. Rfc1 Rfc8 19. Ne5 Nd7 20. Nc4 Rc6 21. Ne3 Rac8 22. Rxc6 Qxc6 23. h3
Nf6 {1/2-1/2 Goldin,A-Mikhalchishin,A/Belgrade 1988/TD (23)}) 12... Bxc5 13.
dxc5 Qc7 14. Bg5 Ng4 15. Re1 h6 16. Bf5 hxg5 17. Bxg4 Qxc5 18. Bxe6 O-O 19. Rc1
Qa5 20. Re5 Bxf3 21. Bxf7+ Rxf7 22. Rc8+ Kh7 23. Qc2+ {1-0 Meister,
P-Mikhalchishin,A/BL9394 1994/GER-chT (23)}) 11. Qxa4+ (11. Ne5 Bb7 12. Qxa4+
Nfd7 13. d5 exd5 14. Bf5 g6 15. Re1 gxf5 16. Nxd7 Qxd7 17. Bg5 f6 18. Bxf6 O-O
19. Rxe7 $16 {0-1 Nickoloff,B-Livshits,R/Toronto 1995/EXT 98 (38)}) 11... Bd7
12. Qc2 Nc6 $5 {[%mdl 512] Black deside to sacrifise pawn.Idea is to finish
development "bustro" and organise pressure to pawns b2 and d4.} (12... O-O 13.
Ne4 h6 14. Ne5 $36) 13. Rxa6 Nb4 (13... Rxa6 14. Bxa6 Qb6 15. Bb5 $1 Nxd4 16.
Nxd4 Qxd4 17. Bg5 Qc5 18. Bxf6 Bxf6 19. Bxd7+ Kxd7 20. Qa4+ Ke7 21. Ne4 $40)
14. Rxa8 Qxa8 15. Qe2 Nxd3 16. Qxd3 O-O (16... Bc6 $142 $1 17. Re1 O-O $44) 17.
Ne5 Rd8 (17... Bc8 $5 {[%cal Yc8b7,Yc8a6]} 18. Qg3 Rd8 19. Bh6 Ne8 $44) 18.
Nxd7 Rxd7 19. Be3 $14 Qb8 20. Qe2 Rb7 21. Rb1 h6 (21... Rb3 $5) 22. h3 Rb4 23.
Na2 $1 Rb3 24. Nc1 Rb5 25. Nd3 Nd5 26. Rc1 Bf6 27. Rc5 Be7 28. Rc4 (28. Rxb5 $5
Qxb5 29. Qc2 $14 {[%cal Gb2b3,Gc2c4]}) 28... Ra5 29. Rc1 Ra8 30. Ne5 Bd6 31.
Nc4 Bc7 32. Qd3 Qb5 $44 33. Qc2 Nxe3 34. Nxe3 (34. fxe3 Qg5 $44 {[%cal Yg5g3]})
34... Bb6 35. Rd1 Rd8 36. Qc3 Qe2 37. Qc2 (37. Qb4 $5 Qa6) 37... Qb5 38. Qc3
Qe2 39. Qc2 Qb5 1/2-1/2